000 00764nam a2200217 i 4500
001 63766
003 ES-MaACL
005 20250930063057.0
007 t|
008 031216s1917 po ||||1| por d
080 _a821.134.3.09"16"
100 1 _aFigueiredo, Fidelino de,
_d1889-1967
_950746
245 1 0 _aHistoria da litteratura classica
_b: (1502-1580) /
_cFidelino de Figueiredo.
260 _aLisboa :
_bLivraria Classica de A. M. Teixeira,
_c1917.
300 _a432 p. ;
_c23 cm.
490 1 _aBibliotheca de estudos historicos nacionaes ;
_v6
650 0 4 _aLiteratura portuguesa-
_xHistoria y crítica.
_914650
830 0 _aBibliotheca de estudos historicos nacionaes ;
_v6
_9182904
852 _aES-MaACL
_jG-14065
999 _c63766
_d63766